000
00346nam a2200121Ia 4500
008
231129s9999||||xx |||||||||||||| ||spa||
020
_a
958-96180-3-0
040
_b
spa
082
_a
R 912.861 A881a
245
0
_a
Atlas basico de colombia y el mundo
264
_a
Bibliografica Internacional
942
_2
ddc
_c
BKS
999
_c
5774
_d
5774